| 000 | 00691nam a2200241Ia 4500 | ||
|---|---|---|---|
| 003 | OSt | ||
| 005 | 20220918214254.0 | ||
| 006 | a|||||r|||| 00| 0 | ||
| 007 | ta | ||
| 008 | 220917b |||||||| |||| 00| 0 eng d | ||
| 024 | _a136,598 | ||
| 037 | _cTextual | ||
| 040 |
_aARTS _cARTS _beng |
||
| 041 |
_2eng _aeng |
||
| 082 | _aX9F57.3163.N5, K8 | ||
| 100 |
_aMiles Caroline _9130533 |
||
| 245 | 0 |
_aLancashire textiles _b A case study of industrial change |
|
| 260 |
_aNA _bNA _c1968 |
||
| 490 | _aNational institute of economic and social research | ||
| 650 | _aECONOMICS | ||
| 942 |
_hX9F57.3163.N5, K8 _cTEXL _2CC |
||
| 999 |
_c259688 _d259688 |
||